[Event "1st GRENKE Chess Classic"]
[Site "Baden-Baden GER"]
[Date "2013.02.15"]
[Round "8.3"]
[White "Fridman, Daniel"]
[Black "Adams, Michael"]
[Result "1/2-1/2"]
[WhiteTitle "GM"]
[BlackTitle "GM"]
[WhiteElo "2667"]
[BlackElo "2725"]
[WhiteFideId "11600454"]
[BlackFideId "400041"]
[EventDate "2013.02.07"]

1. d4 Nf6 2. c4 e6 3. Nc3 Bb4 4. Qc2 d5 5. cxd5 Qxd5 6. e3 c5 7. Bd2 Bxc3 8.
Bxc3 cxd4 9. Bxd4 Nc6 10. Bxf6 gxf6 11. Ne2 Bd7 12. a3 Qe5 13. Rd1 Ne7 14. Nd4
Bc6 15. Nxc6 Nxc6 16. Be2 Qa5+ 17. Qd2 Qxd2+ 18. Rxd2 Ke7 19. Bf3 Rac8 20. Ke2
Rhd8 21. Rhd1 Rxd2+ 22. Rxd2 Rc7 23. Kd1 Ne5 24. Be2 f5 25. h3 h6 26. Rd4 Rd7
27. Rxd7+ Nxd7 28. f4 Kd6 29. Bf3 b6 30. Kd2 Nc5 31. Kc3 Na6 32. b4 Nc7 33. Kc4
f6 34. Bb7 Ne8 35. Bf3 Nc7 36. Bb7 Ne8 37. Bf3 1/2-1/2

[Event "1st GRENKE Chess Classic"]
[Site "Baden-Baden GER"]
[Date "2013.02.16"]
[Round "9.1"]
[White "Anand, Viswanathan"]
[Black "Fridman, Daniel"]
[Result "1-0"]
[WhiteTitle "GM"]
[BlackTitle "GM"]
[WhiteElo "2780"]
[BlackElo "2667"]
[WhiteFideId "5000017"]
[BlackFideId "11600454"]
[EventDate "2013.02.07"]

1. e4 e5 2. Nf3 Nf6 3. Nxe5 d6 4. Nf3 Nxe4 5. d4 d5 6. Bd3 Nc6 7. O-O Be7 8. c4
Nb4 9. Be2 O-O 10. Nc3 Bf5 11. a3 Nxc3 12. bxc3 Nc6 13. Re1 Re8 14. cxd5 Qxd5
15. Bf4 Rac8 16. h3 h6 17. Nd2 Na5 18. Bf3 Qd7 19. Ne4 Rcd8 20. Ra2 b6 21. Rae2
Bxa3 22. Bg4 Rf8 23. Bxf5 Qxf5 24. Bxc7 Rd7 25. Be5 f6 26. Ng3 Qe6 27. Qa4 Nc4
28. Bd6 b5 29. Rxe6 bxa4 30. Bxf8 Kxf8 31. Ra1 Bb2 32. Rxa4 Nb6 33. Ra6 Bxc3 34.
Nf5 Bb4 35. Re2 Kf7 36. Rea2 Nc8 37. g4 g6 38. Nxh6+ Kg7 39. g5 fxg5 40. Ng4
Rxd4 41. Rc2 Ne7 42. Rxa7 Bd6 43. Kg2 Kf7 44. Re2 Bb4 45. Re5 Bd6 46. Rxg5 Ke6
47. Ra6 1-0

[Event "1st GRENKE Chess Classic"]
[Site "Baden-Baden GER"]
[Date "2013.02.16"]
[Round "9.2"]
[White "Meier, Georg"]
[Black "Naiditsch, Arkadij"]
[Result "1-0"]
[WhiteTitle "GM"]
[BlackTitle "GM"]
[WhiteElo "2640"]
[BlackElo "2716"]
[WhiteFideId "4675789"]
[BlackFideId "4650891"]
[EventDate "2013.02.07"]

1. d4 Nf6 2. c4 e6 3. Nf3 Bb4+ 4. Bd2 Bxd2+ 5. Qxd2 d5 6. g3 O-O 7. Bg2 Nbd7 8.
O-O dxc4 9. Rc1 Qe7 10. Rxc4 c6 11. b3 Re8 12. Ne5 Nd5 13. Qb2 f6 14. Nxd7 Bxd7
15. Nd2 e5 16. dxe5 Qxe5 17. Qxe5 Rxe5 18. Ne4 Nb6 19. Rd4 Be6 20. Rad1 Bd5 21.
Nc3 Bxg2 22. Kxg2 Rae8 23. e3 Kf7 24. a4 R8e7 25. b4 Na8 26. e4 g5 27. f4 gxf4
28. gxf4 Rh5 29. Ne2 Rh4 30. Kg3 Rh5 31. Kg2 Rh4 32. Ng3 Rxf4 33. Nf5 Rxf5 34.
exf5 Nb6 35. Rh4 Kg7 36. Rg4+ Kf7 37. Rh4 Kg7 38. Rg1 Nxa4 39. Kf3+ Kf8 40. Rhg4
Rf7 41. Rg8+ Ke7 42. Rd1 Nb6 43. Rb8 Nd7 44. Rxb7 Ke8 45. Kf4 Ne5 46. Rxf7 Kxf7
47. Ke4 1-0

[Event "1st GRENKE Chess Classic"]
[Site "Baden-Baden GER"]
[Date "2013.02.16"]
[Round "9.3"]
[White "Caruana, Fabiano"]
[Black "Adams, Michael"]
[Result "0-1"]
[WhiteTitle "GM"]
[BlackTitle "GM"]
[WhiteElo "2757"]
[BlackElo "2725"]
[WhiteFideId "2020009"]
[BlackFideId "400041"]
[EventDate "2013.02.07"]

1. d4 Nf6 2. c4 e6 3. g3 d5 4. Nf3 Bb4+ 5. Bd2 Be7 6. Bg2 c6 7. Qc2 Nbd7 8. O-O
b6 9. Rd1 O-O 10. Bf4 Bb7 11. Ne5 Nh5 12. Bd2 Nhf6 13. cxd5 cxd5 14. Nc6 Bxc6
15. Qxc6 Rc8 16. Qb5 Ne8 17. Qd3 Nd6 18. b3 f5 19. f3 Nb8 20. Nc3 Nc6 21. e3 Bf6
22. Ne2 Qd7 23. Rac1 Rc7 24. Be1 Rfc8 25. g4 a5 26. a3 a4 27. bxa4 Nc4 28. gxf5
exf5 29. Rb1 Ne7 30. Bb4 Kh8 31. f4 Qe6 32. Bd2 Bh4 33. Rb5 Rc6 34. Rdb1 h6 35.
Kh1 Bf2 36. R5b3 Ng8 37. Rf1 Bh4 38. Be1 Bxe1 39. Rxe1 Nf6 40. Ng3 Ne4 41. Nxe4
dxe4 42. Qd1 Qf7 43. Rg1 Kh7 44. Qe1 Ne5 45. Qb1 Ng4 46. h3 Nf2+ 47. Kh2 Qh5 48.
Kg3 Nxh3 49. Bxh3 Rg6+ 50. Kh2 Rxg1 51. Kxg1 Qxh3 52. d5 Rd8 53. Qf1 Qg4+ 54.
Kh2 Rxd5 0-1

[Event "1st GRENKE Chess Classic"]
[Site "Baden-Baden GER"]
[Date "2013.02.17"]
[Round "10.2"]
[White "Adams, Michael"]
[Black "Meier, Georg"]
[Result "1/2-1/2"]
[WhiteTitle "GM"]
[BlackTitle "GM"]
[WhiteElo "2725"]
[BlackElo "2640"]
[WhiteFideId "400041"]
[BlackFideId "4675789"]
[EventDate "2013.02.07"]

1. e4 e6 2. d3 d5 3. Qe2 Nf6 4. Nf3 Nc6 5. e5 Nd7 6. g3 f6 7. exf6 Qxf6 8. Bg2
Bd6 9. O-O O-O 10. c4 Nc5 11. Nc3 dxc4 12. dxc4 e5 13. Ne4 Nxe4 14. Qxe4 Kh8 15.
Bg5 Qf7 16. Be3 Bf5 17. Qd5 Qxd5 18. cxd5 Nb4 19. Nd2 Bd3 20. Be4 Bxe4 21. Nxe4
Nxd5 22. Nxd6 cxd6 23. Rad1 Nxe3 24. fxe3 Rxf1+ 25. Kxf1 Rd8 26. Rc1 Kg8 27. Rc7
Rf8+ 28. Ke2 Rf7 29. Rc8+ Rf8 30. Rc7 Rf7 31. Rc8+ Rf8 32. Rc7 1/2-1/2

[Event "1st GRENKE Chess Classic"]
[Site "Baden-Baden GER"]
[Date "2013.02.17"]
[Round "10.3"]
[White "Fridman, Daniel"]
[Black "Caruana, Fabiano"]
[Result "1/2-1/2"]
[WhiteTitle "GM"]
[BlackTitle "GM"]
[WhiteElo "2667"]
[BlackElo "2757"]
[WhiteFideId "11600454"]
[BlackFideId "2020009"]
[EventDate "2013.02.07"]

1. d4 d5 2. c4 c6 3. cxd5 cxd5 4. Bf4 Nc6 5. e3 Nf6 6. Nc3 a6 7. Bd3 Bg4 8. Nge2
e6 9. O-O Be7 10. Rc1 O-O 11. f3 Bh5 12. Bg3 Rc8 13. Nf4 Bg6 14. Na4 Nd7 15.
Bxg6 hxg6 16. Nd3 Na5 17. Rxc8 Qxc8 18. Qe1 Nc4 19. b3 Nd6 20. Qd2 Nb5 21. Rc1
Qa8 22. Rc2 b6 23. Ne5 Nxe5 24. Bxe5 Qb7 25. Bg3 Re8 26. Qc1 Ba3 27. Qd2 Rd8 28.
Qd3 Rc8 29. h3 Rc6 30. Kh2 Be7 31. Nb2 a5 32. Qd2 Bg5 33. Rxc6 Qxc6 34. h4 Be7
35. Nd3 Nd6 36. Bxd6 Qxd6+ 37. f4 Bxh4 38. Qc1 Bd8 39. Qc8 g5 40. g3 gxf4 41.
gxf4 Qc7 42. Qxc7 Bxc7 43. Kh3 Kh7 44. Kg4 Kg6 45. Ne1 Bd6 46. Nf3 f6 47. Ne1
Bb4 48. Nf3 Ba3 49. Ng1 Bc1 50. Kf3 Bd2 51. Ne2 Bb4 52. a4 Bd2 53. Ng3 Be1 54.
f5+ exf5 55. Ne2 Kf7 56. Nf4 g5 57. Nxd5 Ke6 58. Nc7+ Kf7 59. Nd5 Bb4 60. Nxb6
g4+ 61. Kf2 Ke6 62. Ke2 Kd6 63. Nc4+ Kd5 64. Kd3 g3 65. Ke2 Ke4 66. d5 Kxd5 67.
Kf3 Be1 68. Nb2 g2 69. Kxg2 Ke4 70. Nc4 Bc3 71. Kf2 f4 72. exf4 Kxf4 73. Ke2 f5
74. Kd3 Bb4 75. Ne3 Bc5 76. Nc4 Bb4 77. Ne3 Bd6 78. Nc4 Bc7 79. Ne3 Bd8 80. b4
axb4 81. Nd5+ Kg3 82. Nxb4 f4 83. Ke2 Kg2 84. Nd3 f3+ 85. Ke3 Kg3 86. Ke4 Bb6 1/2-1/2